00900 a2200265 4500003001000000005001700010007000300027008004100030020001800071040005100089041000800140082001600148245011200164250001800276300005600294336002700350337003300377338002800410500002900438504004100467650004400508700003200552700002700584710002300611CO-BoRNBP20241018163059.0ta140404s2013 ck ao gr|||| 000 0 spa d a9789589916940 aCO-BoUCMbspacJose A. GerenadDiana Londoño aspa04220a551.44210aCañones de Colombiactextos y dirección científica, Juan Manuel Díaz Merlano, Kim Gregory Robertson a1a. edición a206 páginasbilustraciones, fotografías a color 2rdacontentatextobtxt 2rdamediaasin mediaciónbn 2rdacarrieravolumenbnc aDonación de Rectoría aIncluye referencias bibliográficas 7aCañones (Geografía)xColombia2LEMB1 aDíaz Merlano, Juan Manuel1 aRobertson, Kim Gregory2 aBanco de Occidente